[Event "euyr2018"]
[Site "?"]
[Date "2018.05.27"]
[Round "8.13"]
[White "Malyovanyi, Yulian"]
[Black "Persanyi, Barnabas"]
[Result "0-1"]
[BlackElo "2049"]
[WhiteElo "1972"]
[LiveChessVersion "1.4.8"]

1. Nf3 {[%clk 0:20:15]} g6 {[%clk 0:20:06]} 2. b3 {[%clk 0:20:16]} Bg7
{[%clk 0:20:13]} 3. d4 {[%clk 0:20:24]} Nf6 {[%clk 0:19:51]} 4. Bb2
{[%clk 0:20:32]} O-O {[%clk 0:19:58]} 5. g3 {[%clk 0:20:41]} c5 {[%clk 0:20:05]}
6. e3 {[%clk 0:20:36]} cxd4 {[%clk 0:19:55]} 7. Nxd4 {[%clk 0:19:59]} d5
{[%clk 0:19:48]} 8. Bg2 {[%clk 0:20:00]} e5 {[%clk 0:19:28]} 9. Nf3
{[%clk 0:20:00]} e4 {[%clk 0:19:35]} 10. Nd4 {[%clk 0:20:05]} Nc6
{[%clk 0:19:37]} 11. O-O {[%clk 0:20:04]} Bg4 {[%clk 0:18:59]} 12. Nxc6
{[%clk 0:17:45]} bxc6 {[%clk 0:19:06]} 13. Qd2 {[%clk 0:17:06]} Qd7
{[%clk 0:17:58]} 14. Nc3 {[%clk 0:14:48]} Qf5 {[%clk 0:16:14]} 15. Ne2
{[%clk 0:13:09]} Rfe8 {[%clk 0:14:26]} 16. Rac1 {[%clk 0:11:06]} Rad8
{[%clk 0:12:40]} 17. Bd4 {[%clk 0:09:58]} Bf3 {[%clk 0:11:39]} 18. h3
{[%clk 0:03:35]} h5 {[%clk 0:10:33]} 19. Kh2 {[%clk 0:02:43]} Kh7
{[%clk 0:09:25]} 20. Ng1 {[%clk 0:02:46]} Rh8 {[%clk 0:09:04]} 21. Bxf3
{[%clk 0:02:39]} exf3 {[%clk 0:09:12]} 22. Bxf6 {[%clk 0:02:47]} Bxf6
{[%clk 0:09:20]} 23. Qd1 {[%clk 0:02:35]} Kg7 {[%clk 0:05:39]} 24. Qxf3
{[%clk 0:02:37]} Qe5 {[%clk 0:05:07]} 25. Kg2 {[%clk 0:01:30]} g5
{[%clk 0:05:12]} 26. Ne2 {[%clk 0:00:50]} c5 {[%clk 0:04:37]} 27. c3
{[%clk 0:00:48]} Qe6 {[%clk 0:04:35]} 28. Rh1 {[%clk 0:00:18]} Be5
{[%clk 0:04:32]} 29. g4 {[%clk 0:00:20]} h4 {[%clk 0:03:36]} 30. Qf5
{[%clk 0:00:17]} Qxf5 {[%clk 0:03:41]} 31. gxf5 {[%clk 0:00:26]} Kf6
{[%clk 0:03:50]} 32. f4 gxf4 {[%clk 0:03:48]} 33. exf4 {[%clk 0:00:26]} Bc7
{[%clk 0:03:55]} 34. Kf3 {[%clk 0:00:33]} Rhg8 {[%clk 0:03:54]} 35. Rhg1
{[%clk 0:00:39]} Kxf5 {[%clk 0:04:02]} 36. Rg4 {[%clk 0:00:44]} Rg6
{[%clk 0:03:23]} 37. Rcg1 {[%clk 0:00:29]} d4 {[%clk 0:02:21]} 38. cxd4
{[%clk 0:00:37]} cxd4 {[%clk 0:02:30]} 39. Rg5+ {[%clk 0:00:46]} Kf6
{[%clk 0:02:37]} 40. Rxg6+ {[%clk 0:00:51]} fxg6 {[%clk 0:02:46]} 41. Rd1
{[%clk 0:00:15]} d3 {[%clk 0:02:47]} 42. Nc3 {[%clk 0:00:22]} Kf5
{[%clk 0:02:51]} 43. Ne4 {[%clk 0:00:16]} Rd4 {[%clk 0:02:53]} 44. Nf2
{[%clk 0:00:15]} d2 {[%clk 0:02:53]} 45. Ke2 {[%clk 0:00:13]} Bxf4
{[%clk 0:02:42]} 46. Nd3 {[%clk 0:00:20]} g5 {[%clk 0:02:45]} 47. b4
{[%clk 0:00:16]} Re4+ {[%clk 0:02:44]} 48. Kf2 {[%clk 0:00:19]} Re3
{[%clk 0:02:16]} 49. Nxf4 {[%clk 0:00:24]} Kxf4 {[%clk 0:02:20]} 50. Rxd2
{[%clk 0:00:32]} Rxh3 {[%clk 0:02:29]} 51. Rd4+ {[%clk 0:00:40]} Kf5
{[%clk 0:02:38]} 52. a4 {[%clk 0:00:41]} Ra3 {[%clk 0:02:40]} 53. a5
{[%clk 0:00:44]} Rb3 {[%clk 0:02:46]} 54. Rd7 {[%clk 0:00:47]} Rxb4
{[%clk 0:02:52]} 55. Rxa7 {[%clk 0:00:56]} Kg4 {[%clk 0:02:55]} 56. a6
{[%clk 0:00:59]} Rb2+ {[%clk 0:03:04]} 57. Ke3 {[%clk 0:01:07]} Ra2
{[%clk 0:03:11]} 58. Ra8 {[%clk 0:01:11]} Kg3 {[%clk 0:03:18]} 59. a7
{[%clk 0:01:15]} g4 {[%clk 0:03:27]} 60. Ke4 {[%clk 0:01:21]} h3 {[%clk 0:03:36]}
61. Rb8 {[%clk 0:01:07]} Rxa7 {[%clk 0:03:44]} 62. Rb3+ {[%clk 0:01:16]} Kh4
{[%clk 0:03:50]} 63. Rb2 Rf7 {[%clk 0:03:53]} 64. Ke3 {[%clk 0:01:31]} Kg3
{[%clk 0:03:57]} 65. Ke4 {[%clk 0:01:38]} h2 {[%clk 0:04:06]} 66. Rb3+
{[%clk 0:01:48]} Rf3 {[%clk 0:04:13]} 67. Rb1 {[%clk 0:01:57]} Kg2
{[%clk 0:04:20]} 0-1

[Event "euyr2018"]
[Site "?"]
[Date "2018.05.27"]
[Round "8.14"]
[White "Blaha, Marek"]
[Black "Pribyl, Viktor"]
[Result "0-1"]
[BlackElo "1908"]
[WhiteElo "1689"]
[LiveChessVersion "1.4.8"]

1. e4 {[%clk 0:20:19]} c5 {[%clk 0:20:20]} 2. Nf3 {[%clk 0:20:28]} d6
{[%clk 0:20:29]} 3. d4 {[%clk 0:20:37]} cxd4 {[%clk 0:20:39]} 4. Nxd4
{[%clk 0:20:46]} Nf6 {[%clk 0:20:48]} 5. Nc3 a6 6. Be3 {[%clk 0:21:03]} e5
{[%clk 0:21:07]} 7. Nf3 {[%clk 0:20:58]} Qc7 {[%clk 0:21:03]} 8. Be2
{[%clk 0:20:09]} h6 {[%clk 0:21:10]} 9. O-O {[%clk 0:19:38]} Be6 {[%clk 0:21:19]}
10. Qd2 {[%clk 0:19:22]} Be7 {[%clk 0:21:17]} 11. Rfd1 {[%clk 0:17:45]} O-O
{[%clk 0:21:13]} 12. h3 {[%clk 0:14:54]} b5 {[%clk 0:21:20]} 13. a3
{[%clk 0:15:00]} Nbd7 {[%clk 0:21:28]} 14. Rac1 {[%clk 0:14:13]} Nb6
{[%clk 0:21:24]} 15. Bxb6 {[%clk 0:13:47]} Qxb6 {[%clk 0:21:33]} 16. Nd5
{[%clk 0:11:26]} Bxd5 {[%clk 0:21:41]} 17. exd5 {[%clk 0:11:34]} Nd7
{[%clk 0:20:48]} 18. c4 {[%clk 0:10:23]} e4 {[%clk 0:20:51]} 19. Nh2
{[%clk 0:06:59]} Bg5 {[%clk 0:20:59]} 20. Qc2 {[%clk 0:07:03]} Bxc1
{[%clk 0:21:06]} 21. Qxc1 {[%clk 0:07:12]} Rac8 {[%clk 0:20:40]} 22. b3
{[%clk 0:06:20]} Ne5 {[%clk 0:20:38]} 23. Ng4 {[%clk 0:06:13]} Nxg4
{[%clk 0:20:14]} 24. Bxg4 {[%clk 0:06:21]} Rb8 {[%clk 0:20:14]} 25. Qf4
{[%clk 0:06:20]} bxc4 {[%clk 0:19:58]} 26. bxc4 {[%clk 0:06:29]} Rbe8
{[%clk 0:18:57]} 27. Bf5 {[%clk 0:04:51]} e3 {[%clk 0:18:57]} 28. fxe3
{[%clk 0:04:40]} Rxe3 {[%clk 0:18:31]} 29. Qf2 {[%clk 0:03:27]} Rfe8
{[%clk 0:17:35]} 30. Rf1 {[%clk 0:03:29]} Rb3 {[%clk 0:17:09]} 31. Qxb6 Rxb6 32.
Rf3 {[%clk 0:02:21]} g6 {[%clk 0:17:08]} 33. Bd7 {[%clk 0:01:37]} Re2
{[%clk 0:16:19]} 34. Kf1 {[%clk 0:00:14]} Rc2 0-1

[Event "euyr2018"]
[Site "?"]
[Date "2018.05.27"]
[Round "8.15"]
[White "Zetocha, Adrian"]
[Black "Gyerpal, Adrian"]
[Result "0-1"]
[BlackElo "1733"]
[WhiteElo "1887"]
[LiveChessVersion "1.4.8"]

1. d4 {[%clk 0:20:09]} Nf6 {[%clk 0:20:19]} 2. Nf3 {[%clk 0:20:09]} g6
{[%clk 0:20:27]} 3. c4 {[%clk 0:20:12]} Bg7 {[%clk 0:20:32]} 4. Nc3
{[%clk 0:20:21]} O-O {[%clk 0:20:39]} 5. Bg5 {[%clk 0:20:30]} d6 {[%clk 0:20:29]}
6. e3 {[%clk 0:20:38]} c5 {[%clk 0:19:38]} 7. Be2 {[%clk 0:20:22]} cxd4
{[%clk 0:17:38]} 8. exd4 {[%clk 0:20:27]} Bf5 {[%clk 0:16:09]} 9. O-O
{[%clk 0:20:08]} h6 {[%clk 0:16:02]} 10. Bh4 {[%clk 0:19:04]} g5 {[%clk 0:15:43]}
11. Bg3 {[%clk 0:19:10]} Qd7 {[%clk 0:14:50]} 12. Re1 {[%clk 0:18:55]} Ne4
{[%clk 0:12:33]} 13. Nxe4 {[%clk 0:16:22]} Bxe4 {[%clk 0:12:41]} 14. Bd3
{[%clk 0:16:30]} Bxd3 {[%clk 0:12:33]} 15. Qxd3 {[%clk 0:16:38]} Nc6
{[%clk 0:12:06]} 16. Re2 {[%clk 0:16:25]} f5 {[%clk 0:10:42]} 17. d5
{[%clk 0:16:32]} Nb4 {[%clk 0:10:31]} 18. Qd2 {[%clk 0:16:27]} Na6
{[%clk 0:09:42]} 19. h4 {[%clk 0:16:31]} f4 {[%clk 0:08:07]} 20. Bh2
{[%clk 0:15:12]} Bf6 {[%clk 0:07:21]} 21. hxg5 {[%clk 0:14:01]} hxg5
{[%clk 0:07:29]} 22. Qc2 {[%clk 0:14:01]} Rf7 {[%clk 0:07:08]} 23. Nd2
{[%clk 0:10:05]} Nc5 {[%clk 0:06:18]} 24. Rae1 {[%clk 0:09:42]} a5
{[%clk 0:06:11]} 25. Ne4 {[%clk 0:08:45]} Nxe4 {[%clk 0:05:48]} 26. Qxe4
{[%clk 0:08:54]} Be5 {[%clk 0:04:23]} 27. Qd3 {[%clk 0:06:44]} Qf5
{[%clk 0:04:03]} 28. Qxf5 {[%clk 0:06:36]} Rxf5 {[%clk 0:04:12]} 29. f3
{[%clk 0:06:38]} Kf7 {[%clk 0:03:03]} 30. c5 {[%clk 0:04:08]} Rc8
{[%clk 0:02:37]} 31. cxd6 {[%clk 0:03:45]} Bxd6 {[%clk 0:02:32]} 32. Rd1
{[%clk 0:03:06]} Bc5+ {[%clk 0:01:41]} 33. Kh1 {[%clk 0:02:34]} Rh8
{[%clk 0:01:20]} 34. Re6 {[%clk 0:02:24]} Bf2 {[%clk 0:00:42]} 35. Rd2
{[%clk 0:01:54]} Bg3 {[%clk 0:00:48]} 36. Rde2 {[%clk 0:02:03]} Rxh2+
{[%clk 0:00:24]} 37. Kg1 {[%clk 0:02:11]} Rxd5 {[%clk 0:00:23]} 38. Rxe7+
{[%clk 0:02:17]} Kf6 {[%clk 0:00:25]} 0-1

[Event "euyr2018"]
[Site "?"]
[Date "2018.05.27"]
[Round "8.16"]
[White "Popovic, Martin"]
[Black "Bochnicka, Vladimir"]
[Result "1/2-1/2"]
[BlackElo "1799"]
[WhiteElo "1537"]
[LiveChessVersion "1.4.8"]

1. e4 {[%clk 0:20:19]} c5 {[%clk 0:20:20]} 2. Nf3 {[%clk 0:20:28]} Nc6
{[%clk 0:20:30]} 3. d4 {[%clk 0:20:37]} cxd4 {[%clk 0:20:39]} 4. Nxd4
{[%clk 0:20:46]} Nf6 {[%clk 0:20:48]} 5. Nc3 e5 6. Ndb5 {[%clk 0:21:05]} d6
{[%clk 0:21:07]} 7. Bg5 {[%clk 0:21:11]} a6 {[%clk 0:21:17]} 8. Na3
{[%clk 0:21:20]} b5 {[%clk 0:21:26]} 9. Nd5 {[%clk 0:21:29]} Be7 {[%clk 0:21:35]}
10. Bxf6 {[%clk 0:21:38]} Bxf6 {[%clk 0:21:44]} 11. c3 {[%clk 0:21:47]} Bg5
{[%clk 0:21:53]} 12. g3 {[%clk 0:20:20]} O-O {[%clk 0:21:51]} 13. Bg2
{[%clk 0:20:27]} Be6 {[%clk 0:22:00]} 14. O-O {[%clk 0:16:53]} Ne7
{[%clk 0:21:30]} 15. Nc2 {[%clk 0:16:54]} Bxd5 {[%clk 0:20:47]} 16. exd5
{[%clk 0:17:03]} a5 {[%clk 0:20:50]} 17. f4 {[%clk 0:14:35]} Qb6+
{[%clk 0:19:24]} 18. Kh1 {[%clk 0:14:43]} exf4 {[%clk 0:19:33]} 19. gxf4
{[%clk 0:14:52]} Bf6 {[%clk 0:19:39]} 20. Nd4 {[%clk 0:12:08]} Bxd4
{[%clk 0:19:24]} 21. cxd4 {[%clk 0:12:17]} Nf5 {[%clk 0:18:22]} 22. Qd3
{[%clk 0:12:26]} g6 {[%clk 0:16:44]} 23. Be4 {[%clk 0:10:13]} Ng7
{[%clk 0:13:11]} 24. f5 {[%clk 0:10:06]} Rac8 {[%clk 0:09:28]} 25. f6
{[%clk 0:07:30]} Nh5 {[%clk 0:08:02]} 26. Qe3 {[%clk 0:04:37]} Qd8
{[%clk 0:06:04]} 27. Qf3 {[%clk 0:02:25]} Re8 {[%clk 0:04:48]} 28. Bf5
{[%clk 0:01:53]} Rc4 {[%clk 0:02:32]} 29. Bg4 {[%clk 0:01:43]} Nxf6
{[%clk 0:01:41]} 30. Qxf6 {[%clk 0:01:51]} Qxf6 {[%clk 0:01:50]} 31. Rxf6
{[%clk 0:02:00]} Rxd4 32. Bd7 {[%clk 0:01:54]} Re2 {[%clk 0:01:28]} 33. Bxb5
{[%clk 0:00:56]} Rxb2 1/2-1/2

[Event "euyr2018"]
[Site "?"]
[Date "2018.05.27"]
[Round "8.17"]
[White "Mica, Marek"]
[Black "Mach, Petr"]
[Result "1-0"]
[BlackElo "1683"]
[WhiteElo "1801"]
[LiveChessVersion "1.4.8"]

1. d4 {[%clk 0:20:17]} Nf6 {[%clk 0:20:19]} 2. c4 {[%clk 0:20:25]} g6
{[%clk 0:20:28]} 3. Nf3 {[%clk 0:20:33]} Bg7 {[%clk 0:20:36]} 4. g3
{[%clk 0:20:40]} O-O {[%clk 0:20:37]} 5. Bg2 {[%clk 0:20:48]} d5 {[%clk 0:20:46]}
6. O-O {[%clk 0:20:56]} dxc4 {[%clk 0:20:51]} 7. Na3 {[%clk 0:21:04]} c3
{[%clk 0:21:00]} 8. bxc3 {[%clk 0:21:13]} c5 {[%clk 0:21:02]} 9. Bb2
{[%clk 0:21:10]} Nc6 {[%clk 0:21:04]} 10. Nc4 {[%clk 0:21:15]} Bf5
{[%clk 0:20:23]} 11. Nfe5 {[%clk 0:20:59]} Nxe5 {[%clk 0:20:09]} 12. Nxe5
{[%clk 0:21:04]} Qb6 {[%clk 0:19:57]} 13. Ba3 {[%clk 0:21:00]} cxd4
{[%clk 0:19:46]} 14. cxd4 {[%clk 0:21:08]} Rfd8 {[%clk 0:19:29]} 15. Bc5
{[%clk 0:20:48]} Qc7 {[%clk 0:17:57]} 16. Qb3 {[%clk 0:20:47]} Be6
{[%clk 0:17:30]} 17. Qxb7 {[%clk 0:20:49]} Qxb7 {[%clk 0:17:38]} 18. Bxb7
{[%clk 0:20:57]} Rab8 {[%clk 0:17:47]} 19. Nc6 {[%clk 0:20:59]} Rxb7
{[%clk 0:17:55]} 20. Nxd8 {[%clk 0:21:08]} 1-0

[Event "euyr2018"]
[Site "?"]
[Date "2018.05.27"]
[Round "8.18"]
[White "Jares, Michal"]
[Black "Jun, Rudolf Jr."]
[Result "1-0"]
[BlackElo "1624"]
[WhiteElo "1767"]
[LiveChessVersion "1.4.8"]

1. d4 {[%clk 0:20:17]} Nf6 {[%clk 0:20:15]} 2. Nf3 {[%clk 0:20:25]} e6
{[%clk 0:20:05]} 3. g3 {[%clk 0:20:32]} c5 {[%clk 0:20:15]} 4. Bg2
{[%clk 0:20:36]} a6 5. O-O {[%clk 0:20:38]} d5 {[%clk 0:20:11]} 6. c4
{[%clk 0:20:23]} cxd4 {[%clk 0:19:44]} 7. Nxd4 {[%clk 0:20:28]} Nc6
{[%clk 0:18:56]} 8. Nc3 {[%clk 0:20:04]} e5 {[%clk 0:16:41]} 9. Nxc6
{[%clk 0:19:37]} bxc6 {[%clk 0:16:46]} 10. cxd5 {[%clk 0:19:01]} c5
{[%clk 0:09:44]} 11. Bg5 {[%clk 0:17:01]} Ra7 {[%clk 0:07:57]} 12. Rc1
{[%clk 0:16:07]} Bd6 {[%clk 0:04:43]} 13. Ne4 {[%clk 0:14:17]} Qe7
{[%clk 0:04:33]} 14. b4 {[%clk 0:12:27]} c4 {[%clk 0:04:14]} 15. Rxc4
{[%clk 0:11:25]} Bd7 {[%clk 0:04:09]} 16. Qc1 {[%clk 0:07:30]} Ra8
{[%clk 0:04:07]} 17. Bxf6 {[%clk 0:06:44]} gxf6 {[%clk 0:04:16]} 18. Qh6
{[%clk 0:06:04]} Kd8 {[%clk 0:02:59]} 19. Qe3 {[%clk 0:03:30]} Rb8
{[%clk 0:02:44]} 20. Nxd6 {[%clk 0:02:51]} Qxd6 {[%clk 0:02:53]} 21. Qc5
{[%clk 0:02:51]} Ke7 {[%clk 0:02:24]} 22. Rfc1 {[%clk 0:02:29]} Rb7
{[%clk 0:02:28]} 23. a3 Rhb8 {[%clk 0:02:23]} 24. Qxd6+ {[%clk 0:01:57]} Kxd6
{[%clk 0:02:32]} 25. Rh4 {[%clk 0:01:48]} a5 {[%clk 0:02:28]} 26. Rxh7
{[%clk 0:01:25]} Be8 {[%clk 0:02:16]} 27. h4 {[%clk 0:01:20]} axb4
{[%clk 0:02:18]} 28. axb4 {[%clk 0:01:26]} Rxb4 29. Rh6 {[%clk 0:01:30]} Rb1
{[%clk 0:02:04]} 30. Rxb1 {[%clk 0:01:32]} Rxb1+ {[%clk 0:02:13]} 31. Kh2
{[%clk 0:01:40]} Ke7 {[%clk 0:02:15]} 32. Rh8 {[%clk 0:01:29]} Bd7
{[%clk 0:01:49]} 33. h5 {[%clk 0:01:28]} f5 {[%clk 0:01:50]} 34. Rh6
{[%clk 0:01:24]} Kf8 {[%clk 0:00:48]} 35. Rd6 {[%clk 0:01:17]} Ke7
{[%clk 0:00:48]} 36. Ra6 {[%clk 0:01:13]} Rb8 {[%clk 0:00:56]} 37. e4
{[%clk 0:00:58]} fxe4 {[%clk 0:01:01]} 38. Bxe4 {[%clk 0:01:05]} f5 39. Bf3
{[%clk 0:00:59]} e4 {[%clk 0:01:02]} 40. Bg2 {[%clk 0:00:48]} Rh8
{[%clk 0:00:35]} 41. h6 {[%clk 0:00:54]} Kf7 {[%clk 0:00:14]} 42. Bf1
{[%clk 0:00:54]} Rc8 {[%clk 0:00:11]} 43. Ra7 {[%clk 0:00:43]} Rd8
{[%clk 0:00:13]} 44. Bb5 {[%clk 0:00:45]} Kg6 {[%clk 0:00:21]} 45. Rxd7
{[%clk 0:00:46]} Rb8 {[%clk 0:00:30]} 46. h7 {[%clk 0:00:38]} Rh8
{[%clk 0:00:39]} 47. Rc7 {[%clk 0:00:43]} f4 {[%clk 0:00:25]} 48. gxf4
{[%clk 0:00:45]} Kf5 {[%clk 0:00:34]} 49. d6 {[%clk 0:00:38]} Kxf4
{[%clk 0:00:43]} 50. Rf7+ {[%clk 0:00:38]} Kg5 {[%clk 0:00:24]} 51. Bc4
{[%clk 0:00:33]} Kg6 {[%clk 0:00:31]} 52. Rc7 {[%clk 0:00:35]} Kf6
{[%clk 0:00:12]} 53. Kg3 {[%clk 0:00:37]} Ke5 {[%clk 0:00:22]} 54. d7
{[%clk 0:00:41]} Kd6 {[%clk 0:00:30]} 55. Rc8 {[%clk 0:00:37]} Rxh7
{[%clk 0:00:37]} 56. d8=Q+ {[%clk 0:00:40]} 1-0

[Event "euyr2018"]
[Site "?"]
[Date "2018.05.27"]
[Round "8.19"]
[White "Turcan, Richard"]
[Black "Sobek, Michal"]
[Result "0-1"]
[BlackElo "1830"]
[WhiteElo "1943"]
[LiveChessVersion "1.4.8"]

1. e4 {[%clk 0:19:48]} c5 {[%clk 0:20:19]} 2. Nc3 {[%clk 0:19:45]} Nc6
{[%clk 0:20:27]} 3. Bb5 {[%clk 0:19:54]} g6 {[%clk 0:19:24]} 4. f4
{[%clk 0:19:25]} Bg7 {[%clk 0:19:00]} 5. Nf3 {[%clk 0:19:22]} d6 {[%clk 0:19:02]}
6. O-O {[%clk 0:19:17]} Bd7 {[%clk 0:19:10]} 7. Bxc6 {[%clk 0:19:25]} Bxc6
{[%clk 0:19:01]} 8. d3 {[%clk 0:19:34]} e6 {[%clk 0:18:37]} 9. Kh1
{[%clk 0:19:38]} Ne7 {[%clk 0:18:44]} 10. Qe1 {[%clk 0:19:38]} O-O
{[%clk 0:18:36]} 11. Qh4 {[%clk 0:19:45]} d5 {[%clk 0:17:38]} 12. f5
{[%clk 0:17:54]} Bxc3 {[%clk 0:17:02]} 13. bxc3 {[%clk 0:17:25]} exf5
{[%clk 0:15:54]} 14. Ng5 {[%clk 0:16:26]} h5 {[%clk 0:15:31]} 15. exf5
{[%clk 0:16:34]} Qd7 {[%clk 0:14:22]} 16. fxg6 {[%clk 0:15:44]} fxg6
{[%clk 0:14:27]} 17. Nf3 {[%clk 0:13:00]} d4 {[%clk 0:12:44]} 18. Bh6
{[%clk 0:10:32]} Nf5 {[%clk 0:12:17]} 19. Qg5 {[%clk 0:10:40]} Nxh6
{[%clk 0:12:15]} 20. Qxh6 {[%clk 0:10:43]} Qg4 {[%clk 0:12:06]} 21. Rae1
{[%clk 0:08:09]} Rxf3 {[%clk 0:11:27]} 22. gxf3 {[%clk 0:07:45]} Bxf3+
{[%clk 0:11:36]} 23. Rxf3 {[%clk 0:07:55]} Qxf3+ {[%clk 0:11:45]} 24. Kg1
{[%clk 0:08:04]} Qg4+ {[%clk 0:11:47]} 25. Kh1 {[%clk 0:07:57]} Rf8
{[%clk 0:11:55]} 26. Rg1 {[%clk 0:07:55]} Qf3+ {[%clk 0:11:17]} 27. Rg2
{[%clk 0:08:04]} Rf6 {[%clk 0:10:34]} 28. Qg5 {[%clk 0:07:47]} dxc3
{[%clk 0:09:40]} 29. Qxc5 {[%clk 0:07:12]} Qd1+ {[%clk 0:09:21]} 30. Rg1
{[%clk 0:07:17]} Qf3+ {[%clk 0:07:03]} 31. Rg2 {[%clk 0:07:25]} Rf5
{[%clk 0:06:06]} 32. Qc8+ {[%clk 0:06:30]} Kh7 {[%clk 0:05:14]} 33. Qc7+
{[%clk 0:06:36]} Rf7 {[%clk 0:04:35]} 34. Qxc3 {[%clk 0:05:50]} h4
{[%clk 0:04:44]} 35. h3 {[%clk 0:04:19]} Qxh3+ {[%clk 0:04:52]} 36. Kg1
{[%clk 0:04:27]} Qe3+ {[%clk 0:04:37]} 37. Kh2 {[%clk 0:04:36]} Qf4+
{[%clk 0:03:42]} 38. Kh3 {[%clk 0:03:54]} Qf3+ {[%clk 0:01:33]} 39. Kh2
{[%clk 0:04:03]} h3 {[%clk 0:01:25]} 40. Rg3 {[%clk 0:02:18]} Qf2+
{[%clk 0:01:33]} 41. Kxh3 {[%clk 0:02:26]} Qf1+ {[%clk 0:01:43]} 42. Rg2
{[%clk 0:02:35]} Rf3+ {[%clk 0:01:40]} 43. Kh2 {[%clk 0:02:37]} Rf5
{[%clk 0:00:54]} 44. Qc7+ {[%clk 0:02:24]} Kh6 {[%clk 0:00:59]} 45. Qxb7
{[%clk 0:01:41]} Rh5+ {[%clk 0:00:58]} 46. Kg3 {[%clk 0:01:50]} Rg5+
{[%clk 0:01:07]} 47. Kh2 {[%clk 0:01:53]} Rh5+ {[%clk 0:01:03]} 48. Kg3
{[%clk 0:01:59]} Qe1+ {[%clk 0:00:48]} 49. Kg4 {[%clk 0:00:17]} Rh4+
{[%clk 0:00:50]} 50. Kf3 {[%clk 0:00:25]} Rh3+ {[%clk 0:00:58]} 51. Kg4
{[%clk 0:00:27]} Qh4# 0-1

[Event "euyr2018"]
[Site "?"]
[Date "2018.05.27"]
[Round "8.20"]
[White "Petrek, David"]
[Black "Ret, Adam Josef"]
[Result "1-0"]
[BlackElo "1675"]
[WhiteElo "1481"]
[LiveChessVersion "1.4.8"]

1. e4 {[%clk 0:20:17]} c5 {[%clk 0:20:19]} 2. Nf3 {[%clk 0:20:16]} d6
{[%clk 0:20:28]} 3. Bc4 {[%clk 0:20:24]} Nf6 {[%clk 0:20:27]} 4. d3
{[%clk 0:20:30]} g6 {[%clk 0:20:30]} 5. c3 {[%clk 0:20:36]} Bg7 {[%clk 0:20:36]}
6. O-O {[%clk 0:20:40]} O-O {[%clk 0:20:44]} 7. Nbd2 {[%clk 0:20:40]} Nc6
{[%clk 0:20:47]} 8. Bb3 {[%clk 0:20:29]} b5 {[%clk 0:20:31]} 9. Re1
{[%clk 0:18:37]} e6 {[%clk 0:20:24]} 10. Nf1 {[%clk 0:16:09]} Bb7
{[%clk 0:20:16]} 11. d4 {[%clk 0:15:03]} h6 {[%clk 0:18:40]} 12. Ng3
{[%clk 0:14:44]} a5 {[%clk 0:18:05]} 13. Be3 {[%clk 0:13:49]} cxd4
{[%clk 0:17:54]} 14. cxd4 {[%clk 0:13:36]} a4 {[%clk 0:17:49]} 15. Bc2
{[%clk 0:13:43]} Ne7 {[%clk 0:17:18]} 16. Qd2 {[%clk 0:09:35]} Kh7
{[%clk 0:16:54]} 17. e5 {[%clk 0:08:59]} dxe5 {[%clk 0:16:41]} 18. dxe5
{[%clk 0:09:08]} Qxd2 {[%clk 0:16:42]} 19. Bxd2 {[%clk 0:09:17]} Nd7
{[%clk 0:16:24]} 20. Nh5 {[%clk 0:08:32]} Bxf3 {[%clk 0:15:22]} 21. Nxg7
{[%clk 0:08:31]} Kxg7 {[%clk 0:15:23]} 22. gxf3 {[%clk 0:08:40]} Nd5
{[%clk 0:14:59]} 23. Rad1 {[%clk 0:07:23]} N7b6 {[%clk 0:14:30]} 24. a3
{[%clk 0:06:30]} Nc4 {[%clk 0:14:14]} 25. Bc1 {[%clk 0:05:36]} Rac8
{[%clk 0:13:59]} 26. Be4 {[%clk 0:05:14]} Rfd8 {[%clk 0:13:43]} 27. f4
{[%clk 0:04:17]} Rb8 {[%clk 0:12:04]} 28. Bxd5 {[%clk 0:03:56]} Rxd5
{[%clk 0:11:34]} 29. Rxd5 {[%clk 0:04:03]} exd5 {[%clk 0:11:43]} 30. Rd1
{[%clk 0:04:05]} Rd8 {[%clk 0:11:44]} 31. Kf1 {[%clk 0:03:35]} h5
{[%clk 0:11:14]} 32. Ke2 {[%clk 0:03:15]} f6 {[%clk 0:10:48]} 33. Be3
{[%clk 0:01:06]} fxe5 {[%clk 0:07:44]} 34. fxe5 {[%clk 0:01:01]} Kf7
{[%clk 0:07:48]} 35. Bd4 {[%clk 0:00:50]} Ke6 {[%clk 0:07:47]} 36. f4
{[%clk 0:00:46]} Kf5 {[%clk 0:07:35]} 37. Kf3 {[%clk 0:00:47]} Ke6
{[%clk 0:07:03]} 38. h4 {[%clk 0:00:42]} Rf8 {[%clk 0:07:00]} 39. Bc3
{[%clk 0:00:37]} Nb6 {[%clk 0:06:27]} 40. Rg1 {[%clk 0:00:43]} Rg8
{[%clk 0:06:25]} 41. Rg5 {[%clk 0:00:27]} Kf7 {[%clk 0:05:16]} 42. f5
{[%clk 0:00:24]} gxf5 {[%clk 0:04:04]} 43. e6+ {[%clk 0:00:28]} Kxe6
{[%clk 0:03:24]} 44. Rxg8 {[%clk 0:00:37]} Nc4 {[%clk 0:03:29]} 45. Rg5
{[%clk 0:00:37]} Nd6 {[%clk 0:03:32]} 46. Rxh5 {[%clk 0:00:44]} Ne4
{[%clk 0:03:33]} 47. Rh6+ {[%clk 0:00:49]} Ke7 {[%clk 0:03:40]} 48. Rb6
{[%clk 0:00:48]} Nxc3 {[%clk 0:03:20]} 49. bxc3 {[%clk 0:00:57]} Kd7
{[%clk 0:03:27]} 50. h5 {[%clk 0:01:06]} 1-0